[Event "New Delhi Parsvnath op 6th"]
[Site "New Delhi"]
[Date "2008.01.13"]
[Round "1"]
[White "Vishnu, Prasanna V"]
[Black "Amrendra, Kumar"]
[Result "1-0"]
[WhiteElo "2340"]
[BlackElo "1842"]
[PlyCount "97"]
[EventDate "2008.01.13"]
[EventType "swiss"]
[EventRounds "10"]
[EventCountry "IND"]
[SourceTitle "CBM 122 Extra"]
[Source "ChessBase"]
[SourceDate "2008.03.04"]
[SourceVersion "1"]
[SourceVersionDate "2008.03.04"]
[SourceQuality "1"]

1. e4 e5 2. Nf3 Nf6 3. Nxe5 d6 4. Nf3 Nxe4 5. d4 d5 6. Bd3 Bd6 7. 0-0 0-0 8. Re1 Re8 9. Nc3 Nxc3 10. Rxe8+ Qxe8 11. bxc3 c5 12. Be3 Nd7 13. Rb1 c4 14. Be2 Nf6 15. Nd2 Qa4 16. Bf3 Rb8 17. Bg5 Bf5 18. Bxf6 Bxc2 19. Qf1 Bxb1 20. Qxb1 gxf6 21. Bxd5 b5 22. Qf5 Qd1+ 23. Nf1 Rb6 24. g3 Be7 25. Be4 Ba3 26. Qxh7+ Kf8 27. Bd5 Re6 28. Bxe6 fxe6 29. Qh8+ Kf7 30. Qh7+ Kf8 31. Qxa7 Qa4 32. Qxa4 bxa4 33. Ne3 Bb2 34. Nd1 Bc1 35. Kf1 Ke7 36. Ke2 a3 37. Ne3 Bxe3 38. Kxe3 Kf7 39. h4 Kg6 40. g4 Kf7 41. Kf4 Kg6 42. g5 fxg5+ 43. hxg5 Kh5 44. f3 Kg6 45. Kg4 Kg7 46. f4 Kg6 47. f5+ exf5+ 48. Kf4 Kg7 49. Kxf5 1-0